000 00689nam a2200277Ia 4500
005 20260324125943.0
008 008 260324s9999 xx 000 0 eng d
020 _a9780429134005
037 _aEBOOK
040 _aCRL
040 _beng
040 _cCRL
041 _2eng
041 _aeng
084 _qCRL
100 _aNathan Blaunstein; Eugeniu Plohotniuc
_91179972
245 0 _aIonosphere and Applied Aspects of Radio Communication and Radar
260 _bTaylor and Francis
260 _c2008
365 _a
365 _b400
856 _uhttp://www.taylorfrancis.com/books/9780429134005
942 _cEBOOK
999 _c1775662
_d1775662